<?xml version="1.0" encoding="UTF-8"?>
<record
    xmlns:xsi="http://www.w3.org/2001/XMLSchema-instance"
    xsi:schemaLocation="http://www.loc.gov/MARC21/slim http://www.loc.gov/standards/marcxml/schema/MARC21slim.xsd"
    xmlns="http://www.loc.gov/MARC21/slim">

  <leader>03067nam a2200397uu 4500</leader>
  <controlfield tag="001">1545286</controlfield>
  <controlfield tag="005">20251001101442.0</controlfield>
  <controlfield tag="007">cr|||||||</controlfield>
  <controlfield tag="008">200430s2019                        spa  </controlfield>
  <datafield tag="035" ind1=" " ind2=" ">
    <subfield code="a">1545286</subfield>
  </datafield>
  <datafield tag="040" ind1=" " ind2=" ">
    <subfield code="c">comduadb</subfield>
  </datafield>
  <datafield tag="041" ind1=" " ind2=" ">
    <subfield code="a">spa</subfield>
  </datafield>
  <datafield tag="080" ind1=" " ind2=" ">
    <subfield code="a">D</subfield>
  </datafield>
  <datafield tag="100" ind1="1" ind2="0">
    <subfield code="a">Ocampo Mar&#xED;n, Diana Patricia</subfield>
    <subfield code="4">aut</subfield>
    <subfield code="e">aut</subfield>
    <subfield code="9">798557</subfield>
  </datafield>
  <datafield tag="245" ind1="1" ind2="0">
    <subfield code="a">Fortalecimiento del desarrollo humano integral : rutas para la atenci&#xF3;n integral de ni&#xF1;os y ni&#xF1;as con discapacidad auditiva de 0 a 6 a&#xF1;os</subfield>
  </datafield>
  <datafield tag="260" ind1=" " ind2=" ">
    <subfield code="a">Medell&#xED;n :</subfield>
    <subfield code="b">Autores (as),</subfield>
    <subfield code="c">2019.</subfield>
  </datafield>
  <datafield tag="300" ind1=" " ind2=" ">
    <subfield code="a">91 p&#xE1;ginas</subfield>
  </datafield>
  <datafield tag="520" ind1="3" ind2=" ">
    <subfield code="a">Esta investigaci&#xF3;n tiene como objetivo demostrar la efectividad o no de las rutas de atenci&#xF3;n de los reg&#xED;menes de salud en Colombia, teniendo en cuenta los diferentes diagn&#xF3;sticos en Discapacidad Auditiva, para as&#xED; favorecer el desarrollo humano integral en ni&#xF1;os y ni&#xF1;as de 0 a 6 a&#xF1;os del Municipio de Itag&#xFC;&#xED;.
La metodolog&#xED;a de investigaci&#xF3;n est&#xE1; bajo el enfoque cualitativo, buscando as&#xED; la participaci&#xF3;n de la poblaci&#xF3;n con presunci&#xF3;n o diagnosticada con Discapacidad Auditiva, permite comprender e interpretar la realidad del sujeto, el estilo es cr&#xED;tico-social, el dise&#xF1;o es narrativo, y para la recolecci&#xF3;n de datos se utilizaron instrumentos como: caracterizaciones (institucional e individual), observaci&#xF3;n, entrevista semiestructurada, historia de vida y an&#xE1;lisis documental.  Como resultados, se pudo dar cuenta de que no son efectivas las rutas de atenci&#xF3;n de los reg&#xED;menes de salud en Colombia, debido a que los diagn&#xF3;sticos, procesos de terapias, ayudas tecnol&#xF3;gicas y alternativas comunicativas se dan de manera tard&#xED;a, o en otros casos ni siquiera se dan en este rango de edad, lo cual no favorece al desarrollo humano integral, y genera poca garant&#xED;a en el ingreso y permanencia en la educaci&#xF3;n formal.
Finalmente, se reconoce que los reg&#xED;menes de salud en Colombia tienen un d&#xE9;ficit financiero, y un exceso en tramitolog&#xED;a por parte de las Entidades Promotoras de Salud, que genera demoras en los procesos de diagn&#xF3;sticos, por lo tanto, es necesario educar a los padres, cuidadores y educadores, sobre signos de alarma que pueden identificar de manera temprana en la interacci&#xF3;n con los sujetos.</subfield>
  </datafield>
  <datafield tag="650" ind1=" " ind2="7">
    <subfield code="a">Educaci&#xF3;n de ni&#xF1;os con discapacidades</subfield>
    <subfield code="2">armarc</subfield>
    <subfield code="9">218944</subfield>
  </datafield>
  <datafield tag="650" ind1=" " ind2=" ">
    <subfield code="a">Desarrollo integral</subfield>
    <subfield code="9">26584</subfield>
  </datafield>
  <datafield tag="650" ind1=" " ind2=" ">
    <subfield code="a">Atenci&#xF3;n integral</subfield>
    <subfield code="9">24240</subfield>
  </datafield>
  <datafield tag="650" ind1=" " ind2="7">
    <subfield code="a">Primera infancia</subfield>
    <subfield code="2">unescot</subfield>
    <subfield code="9">214602</subfield>
  </datafield>
  <datafield tag="650" ind1=" " ind2=" ">
    <subfield code="a">Discapacidad auditiva</subfield>
    <subfield code="9">140005</subfield>
  </datafield>
  <datafield tag="650" ind1=" " ind2="7">
    <subfield code="a">Sistemas de salud</subfield>
    <subfield code="2">dcs</subfield>
    <subfield code="9">117482</subfield>
  </datafield>
  <datafield tag="650" ind1=" " ind2=" ">
    <subfield code="a">Educaci&#xF3;n inicial</subfield>
    <subfield code="9">225057</subfield>
  </datafield>
  <datafield tag="650" ind1=" " ind2=" ">
    <subfield code="a">Ni&#xF1;os discapacitados</subfield>
    <subfield code="9">21352</subfield>
  </datafield>
  <datafield tag="650" ind1=" " ind2=" ">
    <subfield code="a">Ni&#xF1;os con discapacidad auditiva</subfield>
    <subfield code="9">200370</subfield>
  </datafield>
  <datafield tag="650" ind1=" " ind2=" ">
    <subfield code="a">Atenci&#xF3;n integral a la infancia</subfield>
    <subfield code="9">228722</subfield>
  </datafield>
  <datafield tag="700" ind1="1" ind2="0">
    <subfield code="a">Serna Almendrales, Nathaly</subfield>
    <subfield code="4">aut</subfield>
    <subfield code="e">aut</subfield>
    <subfield code="9">797416</subfield>
  </datafield>
  <datafield tag="700" ind1="1" ind2="0">
    <subfield code="a">Taborda Rodr&#xED;guez, Yeni Evelsi</subfield>
    <subfield code="4">aut</subfield>
    <subfield code="e">aut</subfield>
    <subfield code="9">797991</subfield>
  </datafield>
  <datafield tag="700" ind1="1" ind2="0">
    <subfield code="a">V&#xE9;lez Ram&#xED;rez, Walter Gabriel</subfield>
    <subfield code="4">ths</subfield>
    <subfield code="e">ths</subfield>
    <subfield code="9">613238</subfield>
  </datafield>
  <datafield tag="856" ind1="4" ind2=" ">
    <subfield code="u">http://bibliotecadigital.udea.edu.co/handle/10495/13671</subfield>
  </datafield>
  <datafield tag="942" ind1=" " ind2=" ">
    <subfield code="c">TESIS</subfield>
    <subfield code="n">0</subfield>
  </datafield>
  <datafield tag="999" ind1=" " ind2=" ">
    <subfield code="c">812917</subfield>
    <subfield code="d">812917</subfield>
  </datafield>
  <datafield tag="502" ind1=" " ind2=" ">
    <subfield code="b">145</subfield>
    <subfield code="c">15</subfield>
  </datafield>
  <datafield tag="526" ind1=" " ind2=" ">
    <subfield code="a">147</subfield>
  </datafield>
</record>
